00538nam a2200169 a 450008200150000010000250001524500500004026000340009030000090012450000350013350500100016865000250017870000250020394200070022895201180023599900150035300a200.18 WAA aWaardenburg, Jacques aClassical Approaches to the Study of Religion aHaguebMouton Publisherc1973 a742p aincludes index and biblioraphy2 aIndex aMethodology-Religion1 aWaardenburg, Jacques cBK 00104070aHMIbHMIcREFd2013-08-06g100.00l32m3o200.18 WAAp010475r2023-09-01s2023-08-18w2026-01-16yEB c6556d6556